Biblioteca

Evangelism for "normal" people (Registro nro. 44139)

Detalles MARC
000 -LÍDER
Campo fijo de descripción fija 01733nam a2200337 i 4500
001 - NÚMERO DE CONTROL
Campo de control 768714001
003 - IDENTIFICADOR DEL NÚMERO DE CONTROL
Campo de control CO-MdFUSB
005 - FECHA Y HORA DE LA ULTIMA TRANSACCIÓN
control field 20240921111632.0
007 - CAMPO FIJO DE DESCRIPCIÓN FIJA--INFORMACIÓN GENERAL
Campo fijo de descripción fija ta
008 - ELEMENTOS DE LONGITUD FIJA -- INFORMACIÓN GENERAL
Campo fijo de descripción fija -- Información general 240430t2002 -us |||| |||| 001 0deng d
020 ## - NÚMERO INTERNACIONAL NORMALIZADO PARA LIBROS
Número Internacional Normalizado del libro 0-8066-4191-6
040 ## - FUENTE DE CATALOGACIÓN
Agencia de catalogación original CO-MdFUSB
Idioma de catalogación eng
Agencia que realiza la transcripción CO-MdFUSB
Agencia que realiza la modificación CO-MdFUSB
Convenciones de la descripción rda
041 0# - CÓDIGO DE IDIOMA
Código de idioma para texto/pista de sonido o título separado eng
082 04 - NÚMERO DE CLASIFICACIÓN DECIMAL DEWEY
Número de clasificación 269.2
Número de la edición del Dewey 23
Clave de autor-Numero de item B786
100 1# - ASIENTO PRINCIPAL--NOMBRE PERSONAL
Nombre personal Bowen, John P.
Término relacionador autor
245 10 - TÍTULO
Título del Material Evangelism for "normal" people
Parte restante del título - Subtitulo : good news for those looking for a fresh approach
Mención de responsabilidad, etc. / John P. Bowen ; editado por Scott Tunseth , James Satter
264 #1 - PRODUCCIÓN, PUBLICACIÓN, DISTRIBUCIÓN, MANUFACTURA, Y COPYRIGHT
Nombre del productor, publicador, distribuidor Augsburg Fortress,
Lugar de producción, publicación, distribución, manufactura Minneapolis, Estados Unidos :
Fecha de producción, publicación, distribución, manufactura, o copyright [2002]
264 #4 - PRODUCCIÓN, PUBLICACIÓN, DISTRIBUCIÓN, MANUFACTURA, Y COPYRIGHT
Fecha de producción, publicación, distribución, manufactura, o copyright ©2002
300 ## - DESCRIPCIÓN FÍSICA
Extensión 224 páginas
Dimensiones ; 23 cm
336 ## - TIPO DE CONTENIDO
Fuente rdacontent
Término de tipo de contenido texto
Código de tipo de contenido txt
337 ## - TIPO DE MEDIO
Fuente rdamedia
Nombre del tipo de medio sin mediación
Código del tipo de medio n
338 ## - TIPO DE SOPORTE
Fuente rdacarrier
Nombre del tipo de soporte volumen
Código Tipo de soporte nc
505 ## - NOTA DE CONTENIDO
Título Parte I
Nota de contenido con formato preestablecido Evangelismo B.C: Una visión del Antiguo Testamento. -- Evangelismo y comunidad. -- ¨Así os envío¨: Como Jesús nos involucra. -- El modelo de Jesús: Evangelismo para gente ¨normal¨ Proceso de evangelización en una escuela del 1 - 100. -- Un estilo de vida saludable (de la iglesia). -- Comunicación intercultural: Pablo en Atenas. -- Riesgos del reino: Seguir con valentía el Espíritu de Dios.
Título Parte II
Nota de contenido con formato preestablecido ¿Qué es el evangelio? -- Traducir el mensaje. -- El infierno y un Dios amoroso. ¿tienen sentido? -- Evangelizar otras religiones: ¿por qué molestarse? -- principio y pertenencia. -- Compromiso: pequeños paso y pasos gigantes. -- Sobre rocas y espejos.
563 ## - NOTA DE ENCUADERNACIÓN
Nota de encuadernación Rústica
650 #0 - ASIENTO SECUNDARIO DE MATERIA - TERMINO TEMÁTICO
Término temático o nombre geográfico como elemento de entrada Evangelización
9 (RLIN) 362
700 ## - ASIENTO SECUNDARIO - NOMBRE PERSONAL
Nombre personal Tunseth, Scott,
9 (RLIN) 10612
Responsabilidad editor
700 ## - ASIENTO SECUNDARIO - NOMBRE PERSONAL
Nombre personal Satter, James,
9 (RLIN) 10613
Responsabilidad editor
942 ## - TIPO DE MATERIAL (KOHA)
Tipo de Item KOHA Libros General
945 ## - INFORMACIÓN LOCAL DEL REGISTRO
Catalogador Luz Peña
Existencias
Estado de Material Estado de Perdido Forma de Clasificación Volumen-Parte/Tomo Estado de Dañado No para Préstamo Colección Tomo Biblioteca de Origen Biblioteca Permanente Fecha de Adquisición Área Total de Préstamos Signatura Topográfica Código de Barras Última vez visto Ejemplar/Existencia Fecha de Remplazo Tipo de Material
    Dewey Decimal Classification       Colección General   Biblioteca FUSBC Biblioteca FUSBC 15/05/2024 VIDA CRISTIANA   G 269.2 B786e 23900 12/12/2019 Ej. 1 26/01/2016 Libros General

Biblioteca FUSBC | Teléfono: (57+4) 349 88 10 Ext. 141| WhatsApp (+57) 3005338115 
E-mail: biblioteca@unisbc.edu.co | Calle 76 87-14 Robledo Palenque, Medellín, Colombia

Con tecnología Koha